Wild life / (Record no. 1019)

MARC details
000 -LEADER
fixed length control field 01133nam a22003137a 4500
005 - DATE AND TIME OF LATEST TRANSACTION
control field 20230718132826.0
020 ## - INTERNATIONAL STANDARD BOOK NUMBER
International Standard Book Number 9780374380014
040 ## - CATALOGING SOURCE
Original cataloging agency DLC
Transcribing agency DLC
Modifying agency DLC
Language of cataloging eng
050 00 - LIBRARY OF CONGRESS CALL NUMBER
Classification number PZ7.D3597
Item number Whl 2011
082 00 - DEWEY DECIMAL CLASSIFICATION NUMBER
Classification number 578
Edition number 22
100 1# - MAIN ENTRY--PERSONAL NAME
Personal name DeFelice, Cynthia.
245 10 - TITLE STATEMENT
Title Wild life /
Statement of responsibility, etc. Cynthia DeFelice.
250 ## - EDITION STATEMENT
Edition statement First Scholastic printing, September 2012.
260 ## - PUBLICATION, DISTRIBUTION, ETC.
Place of publication, distribution, etc. New York :
Name of publisher, distributor, etc. Scholastic,
Date of publication, distribution, etc. 2012.
300 ## - PHYSICAL DESCRIPTION
Extent 177 pages ;
Dimensions 20 cm.
505 ## - FORMATTED CONTENTS NOTE
Formatted contents note W <br/>
520 ## - SUMMARY, ETC.
Summary, etc. When twelve-year-old Eric's parents are deployed to Iraq, he goes to live with grandparents he hardly knows in a small town in North Dakota, but his grandfather's hostility and the threat of losing the dog he has rescued are too much and Eric runs away.
521 ## - TARGET AUDIENCE NOTE
Target audience note 860<br/>
Source Lexile <br/>
521 ## - TARGET AUDIENCE NOTE
Target audience note W
Source Raz-Plus <br/>
650 #1 - SUBJECT ADDED ENTRY--TOPICAL TERM
Topical term or geographic name entry element Grandparents
Form subdivision Fiction.
650 #1 - SUBJECT ADDED ENTRY--TOPICAL TERM
Topical term or geographic name entry element Dogs
Form subdivision Fiction.
650 #1 - SUBJECT ADDED ENTRY--TOPICAL TERM
Topical term or geographic name entry element Runaways
Form subdivision Fiction.
650 #1 - SUBJECT ADDED ENTRY--TOPICAL TERM
Topical term or geographic name entry element Grief
Form subdivision Fiction.
650 #1 - SUBJECT ADDED ENTRY--TOPICAL TERM
Topical term or geographic name entry element Family life
Geographic subdivision North Dakota
Form subdivision Fiction.
906 ## - LOCAL DATA ELEMENT F, LDF (RLIN)
a 7
b cbc
c orignew
d 1
e ecip
f 20
g y-gencatlg
942 ## - ADDED ENTRY ELEMENTS (KOHA)
Source of classification or shelving scheme Dewey Decimal Classification
Koha item type Books
Suppress in OPAC No
999 ## -
-- 1019
-- 1019
Holdings
Withdrawn status Lost status Source of classification or shelving scheme Damaged status Not for loan Collection Home library Current library Shelving location Date acquired Total Checkouts Full call number Barcode Date last seen Price effective from Koha item type
    Dewey Decimal Classification     Juvenile Fiction Footprints International School Library Network Toul Kork Campus Footprints International School Library Network Toul Kork Campus A TK Campus, 4th Floor, Room B401, Fiction Bookcases (1-6) 07/18/2023   DEF 578 PZ7.D3597 FISTK05431 07/18/2023 07/18/2023 Books